000
00285nam a2200109 a 4500
005
20141022142003.0
008
120307s19uu xx 00 eng d
050
_a
CD-ROM
_b
M85 2004
245
_a
Mosby's review questions for the NCLEX-RN examination.
260
_c
2004.
942
_c
AVM
999
_c
276371
_d
276371